| 000 | 00000nam##2200000za#4500 |
| 001 | 9.662962 |
| 003 | CaOODSP |
| 005 | 20210615120822 |
| 007 | ta |
| 008 | 150407|2001||||xxc||||| f|0| 0 fre|d |
| 020 | |a0-662-65901-5 |
| 040 | |aCaOODSP|bfre |
| 041 | |aeng |
| 041 | |afre |
| 043 | |an-cn--- |
| 086 | 1 |aR2-162/1996 |
| 110 | 1 |aCanada.|bAffaires indiennes et du Nord. |
| 245 | 10|aLes femmes autochtones: un portrait d'après le recensement de 1996 |
| 250 | |a2e édition. |
| 260 | |aOttawa - Ontario : |bAffaires indiennes et du Nord |c2001. |
| 300 | |aTexte français, xiv, 36p. : |bgraphiques, ill., références, tableaux ; |c28 cm. |
| 546 | |aBilingue |
| 563 | |aReliure à spirale |
| 590 | |a02-22|b2002-05-31 |
| 691 | 07|aAutochtones|2gcpds |
| 691 | 07|aCondition féminine|2gcpds |
| 776 | 0#|tLes femmes autochtones : |w(CaOODSP)9.633134 |
| 776 | 0#|tAboriginal women : |w(CaOODSP)9.688718 |
| 791 | |tAboriginal women: a profile from the 1996 census |eeng|w(CaOODSP)9.662961 |